| 000 | nam a22 7a 4500 | ||
|---|---|---|---|
| 999 |
_c7205 _d7205 |
||
| 003 | OSt | ||
| 005 | 20181204174912.0 | ||
| 008 | 181204s2018 spc|||| |||| 0|0 f spa|d | ||
| 017 |
_aDL B 17913-2018 _bBiblioteca de Catalunya |
||
| 020 | _a9788417007621 | ||
| 040 |
_aES-BaBC _bcat _cCDMR |
||
| 100 | 1 | _aWalsh, Rodolfo J., | |
| 245 | 1 | 0 |
_aOperación Masacre _c/ Rodolfo Walsh ; introducción de Leila Guerriero |
| 260 |
_aBarcelona : _bLibros del Asteroide, _c2018 |
||
| 300 |
_aXIX, 226 p. ; _c20 cm |
||
| 650 | 7 |
_aPolicia _zArgentina _xNarrativa _2lemac |
|
| 651 | 7 |
_aArgentina _xHistòria _y1943-1955 _xNarrativa _2lemac |
|
| 651 | 7 |
_aArgentina _xPolítica i govern _y1943-1955 _xNarrativa _2lemac |
|
| 942 |
_2udc _cMON |
||